000 00945nam a2200349 a 4500
003 AR-BaBNM
005 20251128203528.0
008 082120s2002 ||||||||||||||000 | spa||
040 _cAR-BaBNM
100 1 _aOrtiz Oderigo, Néstor
245 0 0 _aAspectos de la cultura africana en el Río de la Plata
260 _aBuenos Aires
_bPlus Ultra
_c1974
300 _a200 p.
_bláms.
490 0 _aEnsayos
_vv. 9
500 _aContiene vocabulario en p. 157
500 _aReferencias bibliográficas en p. 189
500 _aReferencias discográficas en p. 195
650 4 _aHISTORIA CULTURAL
650 4 _aNEGROS
650 4 _aMESTIZOS
650 4 _aCOSTUMBRES Y TRADICIONES
650 4 _aFOLKLORE
650 4 _aINMIGRANTES
650 4 _aMINORIAS ETNICAS
650 4 _aMINORIAS CULTURALES
650 4 _aMUSICA
650 4 _aARTE POPULAR
650 4 _aMUSICA POPULAR
653 _aMITOS
942 _cBK
998 _cMARTIN
999 _c3801
_d3801